000 00329nam a2200145Ia 4500
003 OSt
008 191201s2012 xx 000 0 und d
082 _a621.4
_bSHP
100 _aSHARMA, P.C.
245 0 _aPower Plant Engineering
260 _aNew Delhi
_bKatson
_c2012
300 _a730
650 _aB.Tech(ME)
942 _2ddc
_cBK
999 _c6418
_d6418